There's a Dinosaur in My Movie! Quiz Stats

Quiz Updated Nov 25, 2015

Challenge
Share
Tweet
Score 0/19 Timer 05:00
1 Play Today
% Correct
Jurassic Park - 1993
99.1%
Toy Story - 1995
94%
King Kong - 1933
90.6%
Night at the Museum - 2006
90.1%
Godzilla - 1954
89.5%
Barney's Great Adventure - 1998
88.3%
Transformers: Age of Extinction - 2014
88%
Ice Age: Dawn of the Dinosaurs - 2009
86.7%
The Land Before Time - 1988
78.7%
Minions - 2015
78.4%
% Correct
Jurassic World - 2015
77.9%
Dinosaur - 2000
62.7%
Journey to the Center of the Earth - 2008
57.4%
Meet the Robinsons - 2007
45.4%
Land of the Lost - 2009
43.4%
Mothra vs. Godzilla - 1964
41.3%
The Good Dinosaur - 2015
25.5%
Fantasia - 1940
19.1%
One Million Years B.C. - 1966
9.2%

You're not logged in!

Compare scores with friends on all Sporcle quizzes.
Join for Free
OR
Log In

You Might Also Like...

Show Comments

Extras

Top Quizzes Today


Score Distribution

Your Account Isn't Verified!

In order to create a playlist on Sporcle, you need to verify the email address you used during registration. Go to your Sporcle Settings to finish the process.

Report this User

Report this user for behavior that violates our Community Guidelines.

Details: